|
|
|
|
| LEADER |
01897nam a2200373 u 4500 |
| 001 |
10030613 |
| 003 |
upatras |
| 005 |
20210117210044.0 |
| 008 |
991019s1996 uk eng |
| 020 |
|
|
|a 0077079620
|
| 040 |
|
|
|a GR-PaULI
|c GR-PaULI
|
| 041 |
0 |
|
|a eng
|
| 082 |
0 |
4 |
|a 658.403 8
|
| 100 |
1 |
|
|a Crowe, Malcolm
|9 154038
|
| 245 |
1 |
0 |
|a Constructing systems and information
|b a process view
|c Malcolm Crowe, Richard Beeby, John Gammack
|
| 260 |
|
|
|a London
|b McGraw-Hill
|c 1996
|
| 300 |
|
|
|a xiii, 261 p.
|c 25 cm.
|
| 490 |
0 |
|
|a McGraw-Hill information systems, management and strategy series
|
| 504 |
|
|
|a Includes references and index
|
| 650 |
|
4 |
|a Διοίκηση
|x Ηλεκτρονικοί υπολογιστές
|9 1348
|
| 650 |
|
4 |
|a Διοίκηση και οργάνωση
|9 53
|
| 650 |
|
4 |
|9 1296
|a Πληροφοριακά συστήματα
|
| 700 |
1 |
|
|a Beeby, Richard
|9 154039
|
| 700 |
1 |
|
|a Gammack, John
|9 154040
|
| 760 |
0 |
|
|a McGraw-Hill information systems, management and strategy series
|
| 852 |
|
|
|a GR-PaULI
|b ΠΑΤΡΑ
|b ΒΚΠ
|b ΒΣ1
|k ΑΣΧΞ
|h 658.403 8 C
|m 051483
|p 025000068460
|t 1
|
| 852 |
|
|
|a GR-PaULI
|b ΠΑΤΡΑ
|b ΒΚΠ
|b ΒΣ1
|k ΑΣΧΞ
|h 658.403 8 C
|m 053829
|p 025000072006
|t 2
|
| 852 |
|
|
|a GR-PaULI
|b ΠΑΤΡΑ
|b ΒΚΠ
|b ΒΣ1
|k ΑΣΧΞ
|h 658.403 8 C
|m 053828
|p 025000072007
|t 3
|
| 942 |
|
|
|2 ddc
|c BK15
|
| 952 |
|
|
|0 0
|1 0
|4 0
|6 658_403000000000000_8_C
|7 0
|9 199848
|a LISP
|b LISP
|c BSC
|d 2016-04-24
|i 051483
|l 0
|o 658.403 8 C
|p 025000068460
|r 2016-04-24 00:00:00
|t 1
|w 2016-04-24
|y BK15
|
| 952 |
|
|
|0 0
|1 0
|4 0
|6 658_403000000000000_8_C
|7 0
|9 199849
|a LISP
|b LISP
|c BSC
|d 2016-04-24
|i 053829
|l 0
|o 658.403 8 C
|p 025000072006
|r 2016-04-24 00:00:00
|t 2
|w 2016-04-24
|y BK15
|
| 952 |
|
|
|0 0
|1 0
|4 0
|6 658_403000000000000_8_C
|7 0
|9 199850
|a LISP
|b LISP
|c BSC
|d 2016-04-24
|i 053828
|l 0
|o 658.403 8 C
|p 025000072007
|r 2016-04-24 00:00:00
|t 3
|w 2016-04-24
|y BK15
|
| 998 |
|
|
|c ΔΡΑΚΟΠΟΥΛΟΥ
|d 1999-10
|
| 999 |
|
|
|c 122509
|d 122509
|